<?xml version="1.0" encoding="UTF-8"?><?xml-stylesheet type="text/xsl" href="static/style.xsl"?><OAI-PMH xmlns="http://www.openarchives.org/OAI/2.0/" xmlns:xsi="http://www.w3.org/2001/XMLSchema-instance" xsi:schemaLocation="http://www.openarchives.org/OAI/2.0/ http://www.openarchives.org/OAI/2.0/OAI-PMH.xsd"><responseDate>2026-06-01T06:56:28Z</responseDate><request verb="GetRecord" identifier="oai:riuma.uma.es:10630/34072" metadataPrefix="marc">https://riuma.uma.es/rest/oai/request</request><GetRecord><record><header><identifier>oai:riuma.uma.es:10630/34072</identifier><datestamp>2026-02-03T11:18:10Z</datestamp><setSpec>com_10630_2254</setSpec><setSpec>col_10630_37953</setSpec></header><metadata><record xmlns="http://www.loc.gov/MARC21/slim" xmlns:dcterms="http://purl.org/dc/terms/" xmlns:doc="http://www.lyncode.com/xoai" xmlns:xsi="http://www.w3.org/2001/XMLSchema-instance" xsi:schemaLocation="http://www.loc.gov/MARC21/slim http://www.loc.gov/standards/marcxml/schema/MARC21slim.xsd">
   <leader>00925njm 22002777a 4500</leader>
   <datafield ind2=" " ind1=" " tag="042">
      <subfield code="a">dc</subfield>
   </datafield>
   <datafield ind2=" " ind1=" " tag="720">
      <subfield code="a">Rueda-Gallego, Pilar</subfield>
      <subfield code="e">author</subfield>
   </datafield>
   <datafield ind2=" " ind1=" " tag="720">
      <subfield code="a">Fernández-Berrocal, Pablo</subfield>
      <subfield code="e">author</subfield>
   </datafield>
   <datafield ind2=" " ind1=" " tag="720">
      <subfield code="a">Baron-Cohen, Simon</subfield>
      <subfield code="e">author</subfield>
   </datafield>
   <datafield ind2=" " ind1=" " tag="260">
      <subfield code="c">2015</subfield>
   </datafield>
   <datafield ind2=" " ind1=" " tag="520">
      <subfield code="a">Autism spectrum conditions, among them Asperger Syndrome (AS), are generally&#xd;
described as entailing deficits in “cognitive empathy” or “theory of mind”. People&#xd;
with AS tend to have difficulties recognizing emotions, although the extent of these&#xd;
difficulties is still unclear. This study aimed to assess empathic profile in youth with&#xd;
AS (N ¼ 38) and controls matched on age, sex and IQ. The study aimed to test if a&#xd;
dissociation between cognitive and affective empathy exists in AS. The study also&#xd;
aimed to explore emotion recognition in people with AS, and how it relates to&#xd;
emotional valence (positive, negative, and neutral emotions). The AS group scored&#xd;
lower than controls on cognitive empathy but scored within the average range on&#xd;
affective empathy. A deficit in emotion recognition was found in the AS group for&#xd;
positive emotions. These results confirm earlier findings in cognitive empathy and&#xd;
provide new insight about emotion recognition abilities in this population.</subfield>
   </datafield>
   <datafield ind1="8" ind2=" " tag="024">
      <subfield code="a">Rueda, P., Fernández-Berrocal, P., &amp; Baron-Cohen, S. (2014). Dissociation between cognitive and affective empathy in youth with Asperger Syndrome. European Journal of Developmental Psychology, 12(1), 85–98. https://doi.org/10.1080/17405629.2014.950221</subfield>
   </datafield>
   <datafield ind1="8" ind2=" " tag="024">
      <subfield code="a">https://hdl.handle.net/10630/34072</subfield>
   </datafield>
   <datafield ind1="8" ind2=" " tag="024">
      <subfield code="a">10.1080/17405629.2014.950221</subfield>
   </datafield>
   <datafield tag="653" ind2=" " ind1=" ">
      <subfield code="a">Asperger, Síndrome de</subfield>
   </datafield>
   <datafield ind2="0" ind1="0" tag="245">
      <subfield code="a">Dissociation between cognitive and affective empathy in youth with Asperger Syndrome</subfield>
   </datafield>
</record>
</metadata></record></GetRecord></OAI-PMH>